KOHA-Header-6

Case Studies in Marketing the indian context (Record no. 9456)

000 -LEADER
fixed length control field 00285nam a2200109Ia 4500
100 ## - MAIN ENTRY--AUTHOR NAME
Personal name R.Srinivasan
245 #0 - TITLE STATEMENT
Title Case Studies in Marketing the indian context
260 ## - PUBLICATION, DISTRIBUTION, ETC. (IMPRINT)
Place of publication New Jersey
Name of publisher Thomson South
Year of publication 1994
300 ## - PHYSICAL DESCRIPTION
Number of Pages 244
942 ## - ADDED ENTRY ELEMENTS (KOHA)
Koha item type Books
Holdings
Withdrawn status Lost status Permanent Location Current Location Date acquired Full call number Accession Number Koha item type
    MAJU MAJU 2019-09-14 658.15 5213 Books

Powered by Koha